书目信息 |
| 题名: |
世界经典侦探推理故事
|
|
| 作者: | 周治 主编 | |
| 分册: | ||
| 出版信息: | 沈阳 辽海出版社 2011.01 |
|
| 页数: | 202页 | |
| 开本: | 21cm | |
| 丛书名: | 世界经典探案故事全集 | |
| 单 册: | ||
| 中图分类: | I14 | |
| 科图分类: | ||
| 主题词: | 故事--作品集--世界--世界 | |
| 电子资源: | ||
| ISBN: | 978-7-5451-0437-0 | |
| 000 | 00710nam 2200229 450 | |
| 001 | 1139812062 | |
| 005 | 20110228111037.00 | |
| 010 | @a978-7-5451-0437-0@dCNY26.00 | |
| 100 | @a20110228d2011 km y0chiy0120 ea | |
| 101 | 0 | @achi |
| 102 | @aCN@b210000 | |
| 105 | @ay z 000yy | |
| 200 | 1 | @a世界经典侦探推理故事@Ashi jie jing dian zhen tan tui li gu shi@f周治主编@Fzhou zhi zhu bian |
| 210 | @a沈阳@c辽海出版社@d2011.01 | |
| 215 | @a202页@d21cm | |
| 225 | 2 | @a世界经典探案故事全集 |
| 410 | 0 | @12001 @a世界经典探案故事全集 |
| 606 | 0 | @a故事@x作品集@x世界@y世界 |
| 690 | @aI14@v4 | |
| 701 | 0 | @a周治@Azhou zhi@4主编 |
| 801 | 0 | @aCN@b大连网信软件有限公司图书馆·11@c20110228 |
| 905 | @aZUCC@dI14@eZ8135@f3 | |
| 世界经典侦探推理故事/周治主编.-沈阳:辽海出版社,2011.01 |
| 202页;21cm.-(世界经典探案故事全集) |
| ISBN 978-7-5451-0437-0:CNY26.00 |
| ● |
| 相关链接 |
|
|
|
正题名:世界经典侦探推理故事
索取号:I14/Z8135
 
预约/预借
| 序号 | 登录号 | 条形码 | 馆藏地/架位号 | 状态 | 备注 |
| 1 | 1183443 | 211834434 | 文学库108/108文学库 4排4列1层/ [索取号:I14/Z8135] | 在馆 | |
| 2 | 1183444 | 211834443 | 文学库108/108文学库 4排4列1层/ [索取号:I14/Z8135] | 在馆 | |
| 3 | 1183445 | 211834452 | 文学库108/108文学库 4排4列2层/ [索取号:I14/Z8135] | 在馆 |